Statystyki dla Kraje, które kończą się na E

Kliknij tutaj aby rozwiązać quiz!

Ogólne statystyki

  • Ten quiz został rozwiązany 113 razy
    (88 od ostatniego zresetowania)
  • Średni wynik to 4 z 8

Statystyki odpowiedzi

Odpowiedź% Poprawnych
Chile
82%
Belize
68%
Stany Zjednoczone
57%
Seszele
55%
Indie
54%
Zimbabwe
47%
Zjednoczone Emiraty
Arabskie
46%
Sierra Leone
36%

Rozkład punktacji

Percentyl według liczby udzielonych odpowiedzi

Procent ludzi z każdym wynikiem

Twoja historia wyników

Nie rozwiązałeś tego quizu od ostatniego zresetowania